000 00289nam a22001337a 4500
003 SGT
082 _a370
_bB16R
100 _aRASTOGI, ANIL
245 _aBHASHA SHIKSHAN ME MULYANKAN
260 _aNEW DELHI
_bSUDERSHAN PUB
_c2016
300 _a304
650 _aEDUCATION
942 _2ddc
_cBK
999 _c12151
_d12151